[Event "SM-2013-0-00283"]
[Site "LSS email"]
[Date "2014.01.17"]
[Round "?"]
[White "Alava Moreno, Fausto"]
[Black "Durrett, Robert H"]
[Result "1-0"]
[WhiteElo "2273"]
[BlackElo "1975"]
[PlyCount "55"]
[EventDate "2013.12.09"]
[EventType "tourn (corr)"]
[EventRounds "6"]
[EventCountry "GER"]
[SourceTitle "Corr 2015"]
[Source "ChessBase"]
[SourceDate "2015.07.17"]
[SourceVersion "1"]
[SourceVersionDate "2015.07.17"]
[SourceQuality "1"]

1. e4 e5 2. Nf3 Nc6 3. Bb5 a6 4. Ba4 Nf6 5. 0-0 Be7 6. Re1 b5 7. Bb3 d6 8. c3 0-0 9. h3 Nb8 10. d4 Nbd7 11. Nbd2 Bb7 12. Bc2 c5 13. Nf1 Qc7 14. Bd2 cxd4 15. cxd4 exd4 16. Nxd4 g6 17. Ng3 Rfe8 18. Rc1 Rac8 19. Nf3 Qb6 20. b4 Ne5 21. Nxe5 dxe5 22. Qf3 Red8 23. Be3 Qd6 24. a3 Rc6 25. Bb3 Qd3 26. Rb1 Rcc8 27. Red1 Qc3 28. Rdc1 1-0

[Event "SA-2013-0-00329"]
[Site "LSS email"]
[Date "2013.01.30"]
[Round "?"]
[White "Avellan, Gerardo"]
[Black "Durrett, Robert H"]
[Result "1/2-1/2"]
[WhiteElo "2073"]
[BlackElo "2202"]
[PlyCount "69"]
[EventDate "2013.01.06"]
[EventType "tourn (corr)"]
[EventRounds "6"]
[EventCountry "GER"]
[SourceTitle "Telechess CBM 167"]
[Source "ChessBase"]
[SourceDate "2015.07.13"]
[SourceVersion "1"]
[SourceVersionDate "2015.07.13"]
[SourceQuality "1"]

1. d4 d5 2. c4 c6 3. Nf3 Nf6 4. Nc3 dxc4 5. a4 Bf5 6. e3 e6 7. Bxc4 Bb4 8. 0-0 Nbd7 9. Be2 h6 10. Qb3 Qb6 11. Nd2 a5 12. Nc4 Qc7 13. f4 0-0 14. Bd2 Nb6 15. Ne5 Qe7 16. Bf3 Rac8 17. Rac1 c5 18. dxc5 Nbd7 19. Nxd7 Nxd7 20. e4 Bg6 21. c6 Rxc6 22. Be3 Rfc8 23. Kh1 Nc5 24. Qc2 Bxc3 25. bxc3 Rd6 26. Rb1 b6 27. Rb5 Qd7 28. Kg1 Rd3 29. Bxc5 Rxc5 30. Rxc5 bxc5 31. h4 h5 32. Qb3 Re3 33. Qb8+ Kh7 34. Qe5 Qc6 35. Bxh5 1/2-1/2

[Event "SA-2013-0-00329"]
[Site "LSS email"]
[Date "2013.01.30"]
[Round "?"]
[White "Durrett, Robert H"]
[Black "Schenning, Albert AM"]
[Result "1-0"]
[WhiteElo "2202"]
[BlackElo "2051"]
[PlyCount "55"]
[EventDate "2013.01.06"]
[EventType "tourn (corr)"]
[EventRounds "6"]
[EventCountry "GER"]
[SourceTitle "Telechess CBM 167"]
[Source "ChessBase"]
[SourceDate "2015.07.13"]
[SourceVersion "1"]
[SourceVersionDate "2015.07.13"]
[SourceQuality "1"]

1. e4 e5 2. Nf3 Nc6 3. Bb5 Nf6 4. 0-0 Nxe4 5. d4 Nd6 6. Bxc6 dxc6 7. dxe5 Nf5 8. Qxd8+ Kxd8 9. Nc3 Ke8 10. h3 h5 11. Ne4 Be6 12. Nfg5 Rd8 13. Nxe6 fxe6 14. Ng5 Rd5 15. Nxe6 Rxe5 16. Nxf8 Rxf8 17. Bf4 Rc5 18. Rac1 Nd6 19. g3 g5 20. Be3 Re5 21. Rce1 Kd7 22. f4 gxf4 23. Bxf4 Rxe1 24. Rxe1 h4 25. Rf1 hxg3 26. Bxd6 Rxf1+ 27. Kxf1 cxd6 28. c4 1-0

[Event "SA-2012-0-00327"]
[Site "LSS email"]
[Date "2013.01.18"]
[Round "?"]
[White "Khan, Valery"]
[Black "Durrett, Robert H"]
[Result "1/2-1/2"]
[WhiteElo "2204"]
[BlackElo "2182"]
[PlyCount "64"]
[EventDate "2012.12.25"]
[EventType "tourn (corr)"]
[EventRounds "6"]
[EventCountry "GER"]
[SourceTitle "Telechess CBM 163"]
[Source "ChessBase"]
[SourceDate "2014.11.11"]
[SourceVersion "2"]
[SourceVersionDate "2014.11.11"]
[SourceQuality "1"]

1. e4 e5 2. Nf3 Nc6 3. d4 exd4 4. Nxd4 Nf6 5. Nxc6 bxc6 6. e5 Qe7 7. Qe2 Nd5 8. c4 Ba6 9. b3 g6 10. f4 f6 11. Ba3 Nb4 12. Bb2 Bh6 13. g3 0-0 14. a3 Nd5 15. Qe4 Nb6 16. Nd2 fxe5 17. Qxe5 Qxe5+ 18. Bxe5 d6 19. Bc3 Rae8+ 20. Kf2 g5 21. Rg1 Rf7 22. Be2 Nd5 23. Bb2 Nf6 24. Bf3 Bb7 25. Rae1 Rxe1 26. Rxe1 gxf4 27. g4 Kf8 28. Bxf6 Rxf6 29. Be4 Bg7 30. Nf3 Rf7 31. Ng5 Bd4+ 32. Kf3 Re7 1/2-1/2

[Event "SA-2012-0-00327"]
[Site "LSS email"]
[Date "2013.01.18"]
[Round "?"]
[White "Morcin, Tom"]
[Black "Durrett, Robert H"]
[Result "1/2-1/2"]
[WhiteElo "2064"]
[BlackElo "2182"]
[PlyCount "46"]
[EventDate "2012.12.25"]
[EventType "tourn (corr)"]
[EventRounds "6"]
[EventCountry "GER"]
[SourceTitle "Telechess CBM 163"]
[Source "ChessBase"]
[SourceDate "2014.11.11"]
[SourceVersion "2"]
[SourceVersionDate "2014.11.11"]
[SourceQuality "1"]

1. e4 e5 2. Nf3 Nc6 3. Bb5 a6 4. Ba4 Nf6 5. 0-0 Be7 6. Re1 b5 7. Bb3 0-0 8. c3 d6 9. h3 Nb8 10. d4 Nbd7 11. Nbd2 Bb7 12. Bc2 c5 13. d5 c4 14. Nf1 Qc7 15. Ng3 g6 16. Bh6 Rfc8 17. Qd2 Rab8 18. Nf5 Bd8 19. Ne3 Nc5 20. Ng5 Kh8 21. f4 exf4 22. Ng4 Nxg4 23. hxg4 f6 1/2-1/2

[Event "SB-2012-0-00246"]
[Site "LSS email"]
[Date "2012.08.27"]
[Round "?"]
[White "Durrett, Robert H"]
[Black "Panov, Sergey Ivanovich"]
[Result "1/2-1/2"]
[WhiteElo "2165"]
[BlackElo "2159"]
[PlyCount "77"]
[EventDate "2012.07.31"]
[EventType "tourn (corr)"]
[EventRounds "6"]
[EventCountry "GER"]
[SourceTitle "Telechess CBM 161"]
[Source "ChessBase"]
[SourceDate "2014.07.16"]
[SourceVersion "1"]
[SourceVersionDate "2014.07.16"]
[SourceQuality "1"]

1. e4 c5 2. Nf3 d6 3. Bb5+ Bd7 4. Bxd7+ Qxd7 5. 0-0 Nc6 6. c3 Nf6 7. Qe2 e6 8. d4 cxd4 9. cxd4 d5 10. e5 Ne4 11. Be3 Be7 12. Ne1 f6 13. f3 Ng5 14. Nd3 0-0 15. Nd2 Rac8 16. Rac1 b6 17. Bf2 Nf7 18. f4 f5 19. Nf3 Rc7 20. Rc3 Rfc8 21. Rfc1 a5 22. a3 Na7 23. Rxc7 Rxc7 24. h3 Rxc1+ 25. Nxc1 Qb5 26. Qc2 Nd8 27. g4 Qc6 28. Qd2 Qc4 29. Ne2 Nac6 30. gxf5 exf5 31. Qd1 Ne6 32. b3 Qa6 33. Qc2 Ncd8 34. Bh4 Bxh4 35. Nxh4 g6 36. Nf3 b5 37. Kf2 b4 38. a4 Kf7 39. Ne1 1/2-1/2

[Event "SB-2012-0-00246"]
[Site "LSS email"]
[Date "2012.08.27"]
[Round "?"]
[White "Owens, Johnny"]
[Black "Durrett, Robert H"]
[Result "1/2-1/2"]
[WhiteElo "1872"]
[BlackElo "2165"]
[PlyCount "64"]
[EventDate "2012.07.31"]
[EventType "tourn (corr)"]
[EventRounds "6"]
[EventCountry "GER"]
[SourceTitle "Telechess CBM 161"]
[Source "ChessBase"]
[SourceDate "2014.07.16"]
[SourceVersion "1"]
[SourceVersionDate "2014.07.16"]
[SourceQuality "1"]

1. d4 d5 2. Bf4 c5 3. c3 e6 4. e3 Nc6 5. Nf3 Nf6 6. Bb5 Qb6 7. Qe2 Bd7 8. 0-0 a6 9. Bxc6 Bxc6 10. a4 Be7 11. dxc5 Bxc5 12. b4 Be7 13. Nbd2 0-0 14. h3 Rfc8 15. Nd4 Qd8 16. Rfc1 Qe8 17. a5 Bb5 18. Nxb5 Qxb5 19. Qxb5 axb5 20. Be5 Nd7 21. Nf3 Nxe5 22. Nxe5 Rc7 23. Nd3 Rac8 24. Ra3 Rc4 25. Rb3 Kf8 26. Kf1 Bf6 27. Nc5 Rc7 28. Ke2 d4 29. Ne4 d3+ 30. Kf3 Be7 31. Rd1 Rd7 32. Nd2 Rc6 1/2-1/2

[Event "OP-2012-0-02350"]
[Site "LSS email"]
[Date "2012.08.11"]
[Round "?"]
[White "Durrett, Robert H"]
[Black "Cusu, Larth"]
[Result "1-0"]
[WhiteElo "2099"]
[BlackElo "1416"]
[PlyCount "105"]
[EventDate "2012.08.08"]
[EventType "tourn (corr)"]
[EventRounds "4"]
[EventCountry "GER"]
[SourceTitle "Telechess CBM 159"]
[Source "ChessBase"]
[SourceDate "2014.03.17"]
[SourceVersion "1"]
[SourceVersionDate "2014.03.17"]
[SourceQuality "1"]

1. e4 e5 2. Nf3 Nc6 3. Bb5 a6 4. Ba4 Nf6 5. 0-0 Be7 6. Re1 b5 7. Bb3 d6 8. c3 0-0 9. h3 h6 10. d4 Re8 11. Nbd2 Bf8 12. Nf1 Bd7 13. Ng3 Na5 14. Bc2 c5 15. d5 Nc4 16. b3 Nb6 17. Be3 a5 18. a4 bxa4 19. bxa4 Nc4 20. Bc1 Rb8 21. Bd3 Nb2 22. Bxb2 Rxb2 23. Nd2 g6 24. Nc4 Rb7 25. Na3 h5 26. Nf1 Bh6 27. Bb5 Qc7 28. Qf3 Kg7 29. Bxd7 Qxd7 30. Nc4 Qc7 31. Qd3 Reb8 32. h4 Nd7 33. g3 Ra7 34. Rab1 Nb6 35. Rxb6 Rxb6 36. Nxb6 Qxb6 37. Rb1 Qc7 38. Qb5 Kf8 39. Kg2 Ke7 40. Kf3 Qc8 41. Ne3 Bxe3 42. Kxe3 Qc7 43. Qb6 f5 44. Qxc7+ Rxc7 45. Rb8 fxe4 46. Kxe4 Ra7 47. Kd3 Kf6 48. Kc4 Kf7 49. Kb5 Kg7 50. Kb6 Rf7 51. Rb7 Rxb7+ 52. Kxb7 Kf6 53. Kc7 1-0